Case of Using The Combination Anesthesia On Spay In Canine At Siem reap Province, ករណីប្រើឳសថសណ្ដំរួមបញ្ចូលគ្នាដើម្បីក្រៀវសុនខីនៅខេត្តសៀមរាប (Record no. 25547)
[ view plain ]
| 000 -LEADER | |
|---|---|
| fixed length control field | 00564nam a22001217a 4500 |
| 040 ## - CATALOGING SOURCE | |
| Transcribing agency | RUA |
| 082 ## - DEWEY DECIMAL CLASSIFICATION NUMBER | |
| Classification number | VEM ING 2025 B705 Or.1 |
| 100 ## - MAIN ENTRY--AUTHOR NAME | |
| Personal name | ING SREYNA, អ៊ីង ស្រីណា |
| 245 ## - TITLE STATEMENT | |
| Title | Case of Using The Combination Anesthesia On Spay In Canine At Siem reap Province, ករណីប្រើឳសថសណ្ដំរួមបញ្ចូលគ្នាដើម្បីក្រៀវសុនខីនៅខេត្តសៀមរាប |
| 260 ## - PUBLICATION, DISTRIBUTION, ETC. (IMPRINT) | |
| Place of publication | PHNOM PENH |
| Name of publisher | RUA |
| Year of publication | 2025 |
| 300 ## - PHYSICAL DESCRIPTION | |
| Number of Pages | XI, 54P. |
| Other physical details | ILL. |
| Dimensions | 29CM. |
| 942 ## - ADDED ENTRY ELEMENTS (KOHA) | |
| Koha item type | សារណាបទ |
| 952 ## - LOCATION AND ITEM INFORMATION (KOHA) | |
| Withdrawn status [LOCAL, KOHA] | 0 |
| 952 ## - LOCATION AND ITEM INFORMATION (KOHA) | |
| Withdrawn status [LOCAL, KOHA] | 0 |
| Permanent Location | Date acquired | Koha item type | Lost status | Shelving location | Barcode | Current Location | Full call number |
|---|---|---|---|---|---|---|---|
| Library Block B | 2026-03-10 | សារណាបទ | B705 | c034520 | Library Block B | VEM ING 2025 B705 Or.1 | |
| Library Block B | 2026-03-10 | សារណាបទ | B705 | c034452 | Library Block B | VEM ING 2025 B705 Or.2 |